Local area networks / (Record no. 174851)

000 -LEADER
fixed length control field 01346 a2200253 4500
003 - CONTROL NUMBER IDENTIFIER
control field Nust
005 - DATE AND TIME OF LATEST TRANSACTION
control field 20220730133151.0
010 ## - LIBRARY OF CONGRESS CONTROL NUMBER
LC control number 2001055802
020 ## - INTERNATIONAL STANDARD BOOK NUMBER
International Standard Book Number 0072336056 (alk. paper)
040 ## - CATALOGING SOURCE
Transcribing agency Nust
082 00 - DEWEY DECIMAL CLASSIFICATION NUMBER
Classification number 004.68,FOR
100 1# - MAIN ENTRY--PERSONAL NAME
Personal name Forouzan, Behrouz A.
245 10 - TITLE STATEMENT
Title Local area networks /
Statement of responsibility, etc. Behrouz A. Forouzan, with Sophia Chung Fegan.
250 ## - EDITION STATEMENT
Edition statement 1st ed.
260 ## - PUBLICATION, DISTRIBUTION, ETC.
Place of publication, distribution, etc. Boston :
Name of publisher, distributor, etc. McGraw-Hill,
Date of publication, distribution, etc. c2003.
300 ## - PHYSICAL DESCRIPTION
Extent xx, 618 p. :
Other physical details ill. ;
Dimensions 24 cm.
440 #0 - SERIES STATEMENT/ADDED ENTRY--TITLE
Title McGraw-Hill Forouzan networking series
9 (RLIN) 55589
505 ## - FORMATTED CONTENTS NOTE
Formatted contents note Introduction (Page-1), Data Communication Models (Page-15), Data Transmission (Page-37), Transmission Media (Page-79), Error Detection (Page-105), LAN Topologies (Page-123), Flow and Error Control (Page-145), Medium Access Methods (Page-165), Logical Link control (Page-183), Ethernet: 10Mbps (Page-203), Ethernet Evolution: Fast and Gigabit Ethernet (Page-229), Token Bus (Page-261)Token Ring (Page-285), Wireless LANs (Page-325), LAN Performance (Page-349), Connecting LANs (Page-367).
650 #0 - SUBJECT ADDED ENTRY--TOPICAL TERM
Topical term or geographic name entry element Local area networks (Computer networks)
700 1# - ADDED ENTRY--PERSONAL NAME
Personal name Fegan, Sophia Chung.
9 (RLIN) 81635
856 42 - ELECTRONIC LOCATION AND ACCESS
Materials specified Publisher description
Uniform Resource Identifier <a href="http://www.loc.gov/catdir/description/mh021/2001055802.html">http://www.loc.gov/catdir/description/mh021/2001055802.html</a>
856 42 - ELECTRONIC LOCATION AND ACCESS
Materials specified Table of contents
Uniform Resource Identifier <a href="http://www.loc.gov/catdir/toc/mh021/2001055802.html">http://www.loc.gov/catdir/toc/mh021/2001055802.html</a>
942 ## - ADDED ENTRY ELEMENTS (KOHA)
Koha item type Book
Source of classification or shelving scheme
Call number prefix 004.68,FOR
Holdings
Withdrawn status Lost status Source of classification or shelving scheme Damaged status Not for loan Permanent Location Current Location Shelving location Date acquired Total Checkouts Full call number Barcode Date last seen Date last checked out Price effective from Koha item type Public note
          Military College of Signals (MCS) Military College of Signals (MCS) General Stacks 12/12/2016 1 004.68,FOR MCS31571 03/04/2026 02/04/2026 12/12/2016 Book Almirah No.8, Shelf No.4
© 2023 Central Library, National University of Sciences and Technology. All Rights Reserved.